000 00488nam a2200169 i 4500
001 24378
003 ES-MaACL
005 20230906153035.0
007 t|
008 021217s1952 sp ||||1| spa d
245 0 0 _aAntología consultada de la joven poesía española.
250 _a1ª ed.
260 _a[S.l. :
_bs.n.],
_c1952 (
_eSantander :
_fArt. Gráf. Hermanos Bedía)
300 _a211 p. ;
_c20 cm.
650 4 _aPoesías españolas-
_yS.XX.
_916221
852 _aES-MaACL
_jD-8776
999 _c24378
_d24378